000 00550nam a2200205Ia 4500
005 20250505124931.0
008 008 250505s9999 xx 000 0 eng d
037 _aReference
040 _aLCO
_beng
_cLCO
041 _aeng
_2eng
084 _aZ2,8 R1
_qLCO
100 _aChandrachud, Chintan
245 0 _aCase that India forgot
_c Chintan Chandrachud
260 _aNew Delhi, India
_bJuggernaut India
_c2021
300 _a231
365 _aINR
_b399
650 _aLaw
942 _cREF
_hZ2,8 R1
999 _c1310733
_d1310733